000 00270cam a22000977a 4500
008 180718b1966 xxu||||| |||| 00| 0 eng d
082 _aJ701x931 N42
245 _aTown and country planning regulations 1960
260 _aNew Zealand
_bGovernment Press
_c1966
300 _av.p.
999 _c415946
_d415946